Svenska ministrar 2022-2026 - Statistics

General Stats
  • This quiz has been taken 59 times
    55 since last reset
  • The average score is 11 of 24
Answer Stats
Befattning Parti Namn % Correct
Statsminister M Ulf Kristersson
100%
Energi- och närings­minister samt vice stats­minister KD Ebba Busch
93%
Finansminister M Elisabeth Svantesson
77%
Justitieminister M Gunnar Strömmer
67%
Bistånds- och utrikeshandelsminister M Benjamin Dousa
57%
Minister för civilt försvar M Carl-Oskar Bohlin
50%
Utrikesminister M Maria Malmer Stenergard
47%
Försvarsminister M Pål Jonson
47%
Klimat- och miljö­minister L Romina Pourmokhtari
47%
EU-minister M Jessica Rosencrantz
43%
Skolminister L Lotta Edholm
43%
Socialminister KD Jakob Forssmed
40%
Migrationsminister M Johan Forssell
40%
Kulturminister M Parisa Liljestrand
40%
Äldre- och socialförsäkringsminister M Anna Tenje
37%
Utbildningsminister L Johan Pehrson
37%
Arbetsmarknads- och integrationsminister L Mats Persson
37%
Finansmarknadsminister M Niklas Wykman
33%
Infrastruktur- och bostadsminister KD Andreas Carlson
27%
Civilminister KD Erik Slottner
27%
Sjukvårdsminister KD Acko Ankarberg Johansson
23%
Socialtjänstminister M Camilla Waltersson Grönvall
23%
Jämställdhets- och arbetslivsminister L Paulina Brandberg
23%
Landsbygdsminister KD Peter Kullgren
23%
No matching quizzes found
Score Distribution
Percent of People with Each Score
Percentile by Number Answered
Your Score History
You have not taken this quiz since the last reset